1960 1002 1934 1350 1905 1960 1762 1850 1789 1436 1918 1834 1104 1012 1623 1022 1648 1383 1580 1032 1132 1851 1793 1863 1926 1862 1225 1155 1560 1642 1673 1765 1689 1902 1881 1754 1926 1908 1304 1300 1068 1071 1858 1623 1396 1600 1929 1389 1513 1886 1225 1406 1243 1870 1083 1776 1332 1445 1075 1607 1333 1540 1572 1878 1219 1479 1402 1596 1198 1192 1636 1434 1817 1156 1948 1363 1971 1542 1831 1628 1183 1495 1992 1231 1557 1472 1392 1159 1785 1100 1079 1012 1366 1592 1974 1247 1325 1743 1833 BCNSPRNW ULIB Ver.6.0+V

เปลี่ยนเป็นภาษาไทย

Change to English
 แสดงรายละเอียดบรรณานุกรม
  กลับหน้าหลัก

Brief Record : Get Marc (ISO 2709) : E-mail record : QR code < ปิดหน้าต่าง
LEADER : 00000nam 2200000uu 4500
001    13399128911
003     ULIB
008    241028s2023||||th 000 0 tha d
020    ^a9780702081910
060 04 ^aWQ165^bJ68S
100 1  ^aJohnson, Ruth
245 10 ^aSkills for midwifery practice /^cRuth Johnson, WendyTaylor
250    ^a5th ed.
260    ^aEdinburgh :^bElsevier/Churchill Livingstone,^c2023
300    ^aix, 368 p. :^bill. ;^c25 cm.
504    ^aIncludes bibliographical references and index
650  2 ^aMidwifery^xmethods^vHandbooks
700 1  ^aTaylor, Wendy,^d1956-
945    ^p1793^l0^i011158
999    ^aประนอม เกษจรัล
รายการนี้ยังไม่มีแท็ก
คุณยังไม่ได้ล็อกอิน คุณสามารถมีกิจกรรมร่วมกับเว็บไซต์ได้ แต่ต้องล็อกอินก่อน ::
  ล็อกอิน

รายการสื่อสารสนเทศ

ลำดับที่ ประเภท เลขเรียก/บาร์โค้ด สถานที่ สถานะ
1. วิทยาศาสตร์การแพทย์ และสุขภาพ
หนังสือสำรอง
สถานะ=หนังสือสำรอง
WQ165 J68S ฉ.1 
  Barcode: 011158
ห้องสมุดวิทยาเขตสวรรค์ประชารักษ์
►หนังสือทั่วไป
บนชั้น

รายการใกล้เคียง
    ผู้แต่ง [Johnson, Ruth]

BibComment


ยังไม่เคยถูกคอมเมนท์

คอมเมนท์ทรัพยากรรายการนี้
  คอมเมนท์: Skills for midwi..


 Copyright 2026. Bcnsprnw @Library